LEADER 03549nam 22008172u 450 001 9910783700703321 005 20230124181946.0 010 $a1-299-05424-2 010 $a1-282-32548-5 010 $a9786612325489 010 $a1-135-69050-2 010 $a1-4106-0102-1 035 $a(CKB)1000000000244666 035 $a(EBL)255572 035 $a(OCoLC)171127876 035 $a(SSID)ssj0000180903 035 $a(PQKBManifestationID)11154708 035 $a(PQKBTitleCode)TC0000180903 035 $a(PQKBWorkID)10151374 035 $a(PQKB)11398206 035 $a(MiAaPQ)EBC255572 035 $a(EXLCZ)991000000000244666 100 $a20100913d2001|||| u|| | 101 0 $aeng 135 $aur|n|---||||| 181 $ctxt 182 $cc 183 $acr 200 10$aIntergenerational Communication Across the Life Span$b[electronic resource] 210 $aMahwah $cLawrence Erlbaum Associates$d2001 215 $a1 online resource (338 p.) 225 0 $aLEA's communication series Intergenerational communication across the life span 300 $aDescription based upon print version of record. 311 $a0-8058-2248-8 327 $aContents; Introduction; Acknowledgments; 1 Theoretical Foundations for the Study of Intergenerational Communication; 2 Intergenerational Contexts and Contact; 3 Social Cognitive Contributions: Intergenerational Attitudes and Stereotypes; 4 Language, Cognition, and Age; 5 Intergenerational Language Strategies: Underaccommodation; 6 Intergenerational Language Strategies: Overaccommodation; 7 Generational Identity and Age Identity; 8 Adult Child?Elderly Parent Relationship; 9 The Grandparent?Grandchild Relationship; 10 Sandwiched Communication 327 $a11 Intergenerational Relationships Beyond the Family12 Intergenerational Conflict; 13 Societal, Political, Public Policy Issues, and Intergenerational Communication; 14 Cultural Perspectives on Intergenerational Communication; Epilogue; References; Author Index; Subject Index; 330 $aThis work aims to combine research from various disciplines concerned with intergenerational communication, framed by several theoretical perspectives drawn from the communication discipline. 606 $aCommunication in the family 606 $aConflict of generations 606 $aIntergenerational communication 606 $aIntergenerational relations 606 $aSocial Science 606 $aIntergenerational communication 606 $aIntergenerational relations 606 $aCommunication in families 606 $aConflict of generations 606 $aSociology & Social History$2HILCC 606 $aSocial Sciences$2HILCC 606 $aSocial Change$2HILCC 615 4$aCommunication in the family. 615 4$aConflict of generations. 615 4$aIntergenerational communication. 615 4$aIntergenerational relations. 615 4$aSocial Science. 615 0$aIntergenerational communication 615 0$aIntergenerational relations 615 0$aCommunication in families 615 0$aConflict of generations 615 7$aSociology & Social History 615 7$aSocial Sciences 615 7$aSocial Change 676 $a306.87 700 $aWilliams$b Angie$01583961 701 $aNussbaum$b Jon F$01505707 801 0$bAU-PeEL 801 1$bAU-PeEL 801 2$bAU-PeEL 906 $aBOOK 912 $a9910783700703321 996 $aIntergenerational Communication Across the Life Span$93867482 997 $aUNINA LEADER 07053nam 22006495 450 001 9910746287303321 005 20251113192254.0 010 $a3-031-13169-X 024 7 $a10.1007/978-3-031-13169-1 035 $a(MiAaPQ)EBC30751922 035 $a(Au-PeEL)EBL30751922 035 $a(DE-He213)978-3-031-13169-1 035 $a(CKB)28284170600041 035 $a(OCoLC)1400074530 035 $a(EXLCZ)9928284170600041 100 $a20230922d2023 u| 0 101 0 $aeng 135 $aurcnu|||||||| 181 $ctxt$2rdacontent 182 $cc$2rdamedia 183 $acr$2rdacarrier 200 10$aCultural Understanding of Soils $eThe importance of cultural diversity and of the inner world /$fedited by Nikola Patzel, Sabine Grunwald, Eric C. Brevik, Christian Feller 205 $a1st ed. 2023. 210 1$aCham :$cSpringer International Publishing :$cImprint: Springer,$d2023. 215 $a1 online resource (539 pages) 225 0 $aLiterature, Cultural and Media Studies 311 08$aPrint version: Patzel, Nikola Cultural Understanding of Soils Cham : Springer International Publishing AG,c2023 9783031131684 327 $aA. Introduction to Cultural Soil Dimensions -- 1. Which soil and which cultural approach? All editors, in preparation -- B. World Cultures: Religious, Spiritual and Other Worldviews on Soils -- 2. Cultural patterns of soil cultivation in Europe (3 parts) Nikola Patzel. Chapters in revision -- 2.1 Polytheistic context -- 2.2 Monotheistic context -- 2.3 Scientific context, and organic notions -- 3. Soil in the shamanism mythology and rituals in Northern Eurasia Pavel Krasilnikov. Completed -- 4. From Native American tradition to modern day America, Native origin legends that involve soil and Earth Jeffrey Homburg, Sabine Grunwald, and Eric Brevik. (Sample chapter available below) -- 5. The Dogon: The creation of consciousness through agriculture Eva Wertenschlag-Birkhäuser. Completed -- 6. The Yoruba pedosphere: The tale of Onilé Guilherme Sobrinho and Nilton Silva. In revision -- 7. Importance of soil in Islam, a study based on statements in the Quran Mohsen Makki and Jérôme Juilleret. In revision -- 8. Soil in Rumi?s thoughts Seyed Kazem Alavipanah, Jafar Jafarzadeh, and Kolsoum Ghazanfari. In revision -- 9. Cultural understanding of soil in China Sylvia Xiaorui Wen. Completed -- 10. Cultural understanding of soil from a Japanese perspective Hideaki Hirai and Katsuyuki Minami. Completed -- 11. Ecosattvas and Ecodharma ? Modern Buddhist perspectives of soil and the environment Sabine Grunwald. Completed -- 12.Technosol cultures: New cultural understandings of urban soils Germain Meulemans. Completed -- C. Politics on Soil -- 13. Sacred soil, divine labor: Economic theology and the agrarian political in Eastern India Milinda Banerjee. In revision -- 14. A deity we belong to or a property to own? Land & people relations in Buryat communities of the Sayan mountains Tatiana Intigrinova. Completed -- D. Case Studies on the Inner Soil of Individual Scientists -- 15. The salt of the earth?: Bernard Palissy (1510-1590) between soil science and religion Christian Feller, Jean-Paul Aeschlimann, and Nikola Patzel. Chapter in revision -- 16. Darwin and the earthworm: From God the father to mother earth Christian Feller, Laurence Feller Giraud, and Nikola Patzel. Chapter in revision -- E. Conceptual approaches and ethical perspectives -- 17. Inner and Outer soil. Nikola Patzel. In revision -- 18. Soil care: From intention to action Anna Krzywoszynska. Chapter completed -- 19. Soil care, culture and eco-identities Sabine Grunwald and Kay R. Kastner-Wilcox. Completed -- 20. Take care of soils: Toward a pluralistic integral soil ethics Sabine Grunwald. Completed -- F. Soil Education and Cultural Language of the Soil -- 21. Roots of soil perceptions by university and secondary school?s students in Minas Gerais, Brazil Cristine C. Muggler, Arthur S. Gasparini and Débora C.L. dos Santos. Chapter in revision -- 22. Degrees pursued by students in different countries to train for careers in soil science Eric C. Brevik, Damien Field, Jacqueline Hannam, Maja Krzic, Rainer Horn, Cristine Muggler, Jude Odhiambo, Yoshitaka Uchida, Danny Itkin, Hong-sheng Wu, Liana Pozza, Laura Bertha Reyes Sánchez, and Thomas Scholten. Chapter completed -- 23. Proverbs on soils Jay E. Yang, H.S. Kim, P. Borrelli and M.B. Kirkham. Chapter completed -- G. Concluding Remarks and Outlook -- 24. Conclusions Nikola Patzel, Eric Brevik, Sabine Grunwald, and Christian Feller. Chapter in preparation. 330 $aCultural understandings of soil are diverse and often ambiguous. Cultural framing of soils is common worldwide and is highly consequential. The implications of what place the earth has in people's world view and everyday life can be in line or in conflict with natural conditions, scientific views, or agricultural practices. The main assumption underlying this work is that soil is inescapably perceived in a cultural context by any human. This gives emergence to different significant webs of meaning influenced by religious, spiritual, or secular myths, and by a wide range of beliefs, values and ideas that people hold in all societies. These patterns and their dynamics inform the human-soil relationship and how soils are cared for, protected, or degraded. Therefore, there is need to deal inter-culturally with different sources and types of knowledge and experience regarding soil; a need to cultivate soil awareness and situationally appropriate care through inter- and intra-cultural dialogues and learning. This project focuses on the human and intangible dimensions of soil. To serve this aim, the International Union of Soil Sciences (IUSS) founded a working group on Cultural Patterns of Soil Understanding that has resulted in this book, which presents studies from almost all continents, written by soil scientists and experts from other disciplines. A major objective of this project is to promote intercultural literacy that gives readers the opportunity to appreciate soil across disciplinary and cultural boundaries in an increasingly globalized world. . . 606 $aAgriculture 606 $aSoil science 606 $aCulture$xStudy and teaching 606 $aAnthropology 606 $aAgriculture 606 $aSoil Science 606 $aCultural Studies 606 $aAnthropology 615 0$aAgriculture. 615 0$aSoil science. 615 0$aCulture$xStudy and teaching. 615 0$aAnthropology. 615 14$aAgriculture. 615 24$aSoil Science. 615 24$aCultural Studies. 615 24$aAnthropology. 676 $a631.49 700 $aPatzel$b Nikola$01429729 701 $aGrunwald$b Sabine$01429730 701 $aBrevik$b Eric C$0763915 701 $aFeller$b Christian$01284281 801 0$bMiAaPQ 801 1$bMiAaPQ 801 2$bMiAaPQ 906 $aBOOK 912 $a9910746287303321 996 $aCultural Understanding of Soils$93568976 997 $aUNINA